00349nam a22001337a 450000500170000000800410001704100120005808200130007010000130008324500230009626000390011930000310015865000260018920240802085620.0240802b |||||||| |||| 00| 0 eng d aEnglish a349 NAT  lEnglish  aNatal Law Reports  aPietermaritzburg: bNatal, c1887  bviii, 255 pages; c25 cm.  aLegal practice bLaw